El consejero
Kaydedildi:
| Yazar: | |
|---|---|
| Materyal Türü: | Kitap |
| Dil: | İspanyolca |
| Baskı/Yayın Bilgisi: |
Santiago
Mondadori
2013
|
| Edisyon: | 1a. ed |
| Seri Bilgileri: | Literatura Mondadori
|
| Konular: | |
| Etiketler: |
Etiketle
Etiket eklenmemiş, İlk siz ekleyin!
|
MARC
| LEADER | 00000cam a2200000 a 4500 | ||
|---|---|---|---|
| 001 | UCE9354 | ||
| 003 | CL-VaPUC | ||
| 008 | 151016e20131100cl |||||||||||||||||spa|d | ||
| 020 | |a 9789568228576 | ||
| 082 | 0 | 4 | |a 813 |b MCC |2 21 |
| 100 | |a McCarthy, Cormac |e autor |9 596373 | ||
| 245 | 1 | 3 | |a El consejero |
| 250 | |a 1a. ed | ||
| 300 | |a 133 p | ||
| 942 | |c BK | ||
| 945 | |d 20151016 11:50:00 |a arojas | ||
| 260 | |a Santiago |b Mondadori |c 2013 | ||
| 650 | 0 | |a Novelas estadounidenses |9 265217 | |
| 650 | 0 | |a Literatura estadounidense |9 317168 | |
| 583 | |a last modification |c 20151016 11:50:00 |k Rodrigo Vera | ||
| 490 | 0 | |a Literatura Mondadori | |
| 999 | |c 361023 |d 361021 | ||